Očekávaní generace Y versus HR
Generácia Y (tzv. miléniáni), teda ľudia narodení v rokoch 1986 až 2000. Ich vlastnosti a pracovné ciele.
Salvato in:
| Autore principale: | |
|---|---|
| Natura: | Capitolo di libro |
| Lingua: | ceco |
| Soggetti: | |
| Tags: |
Nessun Tag, puoi essere il primo ad aggiungerne!!
|
MARC
| LEADER | 00000naa a2200000 4500 | ||
|---|---|---|---|
| 001 | 0157775 | ||
| 005 | 20231019115845.4 | ||
| 041 | 0 | |a cze | |
| 044 | |a CZ | ||
| 245 | 1 | 0 | |a Očekávaní generace Y versus HR |c Markéta Krejčová |
| 520 | |a Generácia Y (tzv. miléniáni), teda ľudia narodení v rokoch 1986 až 2000. Ich vlastnosti a pracovné ciele. | ||
| 610 | 2 | 0 | |a zdroje ľudské |
| 610 | 2 | 0 | |a riadenie ľudských zdrojov |
| 610 | 2 | 0 | |a manažment |
| 100 | 1 | |a Krejčová, Markéta | |